Library Banner

Move up (Record no. 85250)

MARC details
000 -LEADER
fixed length control field 00530nam a2200193Ia 4500
001 - CONTROL NUMBER
control field 72270
008 - FIXED-LENGTH DATA ELEMENTS--GENERAL INFORMATION
fixed length control field 160401s9999 xx 000 0 und d
020 ## - INTERNATIONAL STANDARD BOOK NUMBER
International Standard Book Number 9780241186992
040 ## - CATALOGING SOURCE
Transcribing agency PK-LaUMT
082 ## - DEWEY DECIMAL CLASSIFICATION NUMBER
Classification number 306
Item number RAP-M
100 ## - MAIN ENTRY--PERSONAL NAME
Personal name Rapalille, Clotaire
245 ## - TITLE STATEMENT
Title Move up
Remainder of title why some cultures advance and other don't
Statement of responsibility, etc Rapalille, Clotaire|Roemer, Andres
260 ## - PUBLICATION, DISTRIBUTION, ETC. (IMPRINT)
Place of publication, distribution, etc Chicago,USA:
Name of publisher, distributor, etc American Library Association,
Date of publication, distribution, etc 2015
300 ## - PHYSICAL DESCRIPTION
Extent 304 p.
546 ## - LANGUAGE NOTE
Language note EN
650 ## - SUBJECT ADDED ENTRY--TOPICAL TERM
Topical term or geographic name as entry element Culture
700 ## - ADDED ENTRY--PERSONAL NAME
Personal name Roemer, Andres
942 ## - ADDED ENTRY ELEMENTS (KOHA)
Koha item type Books
Holdings
Withdrawn status Lost status Damaged status Not for loan Home library Current library Date acquired Total Checkouts Full call number Barcode Date last seen Price effective from Koha item type
        UMT Main Campus UMT Main Campus 2016-04-01   306 RAP-M 98665 2016-04-01 2016-04-01 Books